000
00200 a2200097 4500
001
2591
100
_a
Montgomery,
245
_a
The path to leadership,
260
_a
_b
Collins
_c
090
_c
1888
_d
1888
942
_a
NUST-CAE
_c
M
_c
9868
999
_c
237664
_d
237664